Largest Islands in the European Union - Statistics

General Stats
  • This quiz has been taken 322 times
    232 since last reset
  • The average score is 10 of 20
Answer Stats
Area in km² Island % Correct
25,662 Sicily
95%
84,421 Ireland
93%
8,741 Corsica
90%
23,949 Sardinia
90%
8,312 Crete
85%
9,251 Cyprus
77%
3,640 Majorca
74%
7,180 Zealand
57%
2,994 Gotland
54%
1,398 Rhodes
53%
1,630 Lesbos
44%
2,034 Tenerife
39%
1,560 Gran Canaria
35%
3,655 Euboea
29%
2,984 Funen
28%
2,511 Réunion
20%
2,672 Saaremaa
20%
1,628 Guadeloupe
15%
1,660 Fuerteventura
10%
4,685 North Jutland
10%
No matching quizzes found
Score Distribution
Percent of People with Each Score
Percentile by Number Answered
Your Score History
You have not taken this quiz since the last reset